000
00353nam a2200169Ia 4500
100
_a
Fadia/Ankit
650
_a
Computers
942
_c
BK
366
_f
20
654
_a
hacking
245
_a
An unofficial guide to Ethical Hacking
260
_b
Macmillan
_c
2006
082
_a
005.14/FAD
_b
FAD
300
_a
589
546
_a
ENGLISH
999
_c
24616
_d
24616